000 00613nam a22002057a 4500
003 0
005 20240524095257.0
008 240524b xxu||||| |||| 00| 0 eng d
020 _a9781783445806
050 _aER
_bIw96 2017
082 _aER
_bIw96 2017
100 _aRoss, Tony
245 _aI want my mum!
_cTony Ross
260 _aLondon
_bAndersen Press
_c2017
300 _aunpaged:
_bcolored illustrations ;
_c26cm.
650 _aChidren's stories--Pictorial works.
650 _aLittle Princess (Fictitious character)--Juvenile fiction.
650 _aMother and child--Fiction.
942 _2ddc
_cBK
999 _c365992
_d365992